| 000 | 00850cam a22002651 4500 | ||
|---|---|---|---|
| 001 | gs 05000229 | ||
| 003 | DLC | ||
| 005 | 20260227111300.0 | ||
| 008 | 770726s1852 ncu 00000 eng c | ||
| 010 | _ags 05000229 //r51 | ||
| 035 | _aocl72861626 | ||
| 040 |
_aU.S. Geol. Survey. Libr. _cDSI |
||
| 043 | _an-us-nc | ||
| 050 | 0 |
_aQE147 _b.A12 1852 |
|
| 110 | 1 | 0 |
_aNorth Carolina. _bState geologist. |
| 245 | 1 | 0 | _aReport of Professor Emmons, on his geological survey of North Carolina. |
| 260 | 0 |
_aRaleigh, _bS. Gales, printer to the legislature, _c1852. |
|
| 300 |
_a181, [1] p. _c24 cm. |
||
| 500 | _aAt head of title: Executive document no. 13. | ||
| 500 | _a"First annual report." | ||
| 500 | _aNo more published. | ||
| 650 | 0 |
_aGeology _zNorth Carolina. |
|
| 650 | 0 |
_aSoils _zNorth Carolina. |
|
| 700 | 1 | 0 |
_aEmmons, Ebenezer, _d1799-1863. |
| 999 |
_c24169 _d24169 |
||